Rice genetics and cytogenetics ; (Record no. 18665)
[ view plain ]
| 000 -LEADER | |
|---|---|
| fixed length control field | 00445cam a2200157I 4500 |
| 040 ## - CATALOGING SOURCE | |
| Transcribing agency | FQG |
| 082 0# - DEWEY DECIMAL CLASSIFICATION NUMBER | |
| Classification number | 584 ELS 1964 C150 Or. |
| 245 10 - TITLE STATEMENT | |
| Title | Rice genetics and cytogenetics ; |
| Remainder of title | proceedings / |
| 260 ## - PUBLICATION, DISTRIBUTION, ETC. (IMPRINT) | |
| Place of publication | Amsterdam ; |
| -- | New York : |
| Name of publisher | Elsevier Pub. Co., |
| Year of publication | 1964 |
| 300 ## - PHYSICAL DESCRIPTION | |
| Number of Pages | xv, 274 p. : |
| Other physical details | illus., group port. ; |
| Dimensions | 25 cm |
| 650 #0 - SUBJECT ADDED ENTRY--TOPICAL TERM | |
| Topical Term | Rice |
| 650 #0 - SUBJECT ADDED ENTRY--TOPICAL TERM | |
| Topical Term | Agricultural innovations |
| 650 #0 - SUBJECT ADDED ENTRY--TOPICAL TERM | |
| Topical Term | Agricultural ecology |
| 650 #2 - SUBJECT ADDED ENTRY--TOPICAL TERM | |
| Topical Term | Oryza |
| 942 ## - ADDED ENTRY ELEMENTS (KOHA) | |
| Koha item type | ADB |
| 952 ## - LOCATION AND ITEM INFORMATION (KOHA) | |
| Withdrawn status [LOCAL, KOHA] | 0 |
| Source of acquisition | Permanent Location | Date acquired | Koha item type | Lost status | Shelving location | Current Location | Full call number |
|---|---|---|---|---|---|---|---|
| A37023 | Library Block C | 2020-01-03 | សៀវភៅភាសាអង់គ្លេស | C150 | Library Block C | 584 ELS 1964 C150 Or. |